1237 1570 1526 1552 1942 1366 1652 1657 1697 1759 1097 1375 1245 1031 1715 1479 1711 1349 1852 1648 1427 1570 1028 1753 1816 1592 1793 1576 1349 1443 1600 1015 1970 1548 1266 1614 1210 1772 1410 1963 1036 1138 1522 1867 1322 1936 1230 1233 1315 1021 1978 1275 1819 1425 1573 1455 1943 1438 1308 1336 1614 1554 1222 1044 1568 1120 1701 1733 1444 1749 1545 1626 1798 1953 1370 1738 1562 1828 1078 1323 1939 1192 1840 1158 1082 1300 1112 1116 1991 1017 1358 1344 1047 1705 1045 1773 1470 1622 1891 BCNSPRNW ULIB Ver.6.0+V

เปลี่ยนเป็นภาษาไทย

Change to English
 แสดงรายละเอียดบรรณานุกรม
  กลับหน้าหลัก

Brief Record : Get Marc (ISO 2709) : E-mail record : QR code < ปิดหน้าต่าง
LEADER : 00000nam 2200000uu 4500
001    13399111843
003     ULIB
008    110322s2550||||th 000 0 tha d
020    9789741102666
050  4 HA62^bS111ห 2550
100 0  สรชัย พิศาลบุตร
245 00 การสร้างและการประมวลผลข้อมูลจากแบบสอบถาม/^cสรชัย พิศาลบุตร
250    พิมพ์ครั้งที่ 2
260    กรุงเทพฯ:^bวิทยพัฒน์,^c2550
300    308 หน้า :^bภาพประกอบ
650  7 การวิจัย
650  7 แบบสอบถาม
650  7 แบบสอบถาม^xการประมวลผล
945    ^p230^l0^i024727
945    ^p230^l0^i025017
995    ทศพร
999 ^a ใช้งานได้ทุกระบบ
รายการนี้ยังไม่มีแท็ก
คุณยังไม่ได้ล็อกอิน คุณสามารถมีกิจกรรมร่วมกับเว็บไซต์ได้ แต่ต้องล็อกอินก่อน ::
  ล็อกอิน

รายการสื่อสารสนเทศ

ลำดับที่ ประเภท เลขเรียก/บาร์โค้ด สถานที่ สถานะ
1. การศึกษาทั่วไป
หนังสือสำรอง
สถานะ=หนังสือสำรอง
HA62 S111ห 2550 ฉ.1 
  Barcode: 024727
ห้องสมุดวิทยาเขตสวรรค์ประชารักษ์
►หนังสือทั่วไป
บนชั้น
2. การศึกษาทั่วไป
การศึกษาทั่วไป
HA62 S111ห 2550 ฉ.2 
  Barcode: 025017
ห้องสมุดวิทยาเขตสวรรค์ประชารักษ์
►หนังสือทั่วไป
บนชั้น

รายการใกล้เคียง
    ผู้แต่ง [สรชัย พิศาลบุตร]

    หัวเรื่อง [การวิจัย]
    หัวเรื่อง [แบบสอบถาม]

BibComment


ยังไม่เคยถูกคอมเมนท์

คอมเมนท์ทรัพยากรรายการนี้
  คอมเมนท์: การสร้างและการประ..


 Copyright 2026. Bcnsprnw @Library